00863nam a22002177a 450000500170000001000150001702000240003202000270005603500130008303700130009608200190010910000230012824501090015126000450026027000670030530000370037250000500040994200330045999900170049295201360050920131007120830.0 aENG-108434 c1195.00a9350183668 c1195.00a9789350183663 aEN-91967 bDBAD/PUB a306.4819095484 aKrishna Kumari, J. aBuddhist monuments :cby J. Krishna Kumaribtheir role in the development of tourism in Andhra Pradesh / aNew DelhibReadworthy Publicationsc2013 aD-1, Mohan Garden, Near Tanshi Tent Palace,bNew Delhie110059 axx, 274p. :c22cm(Hb)bill.,maps aIncludes bibliographical references and index 2ddccENmKRIh306.4819095484 c78852d78852 001040718NFICaDBADbDBADd2013-08-27eDBAD / PUBg1195.00l0o306.4819095484 KRIpEN-91967r2013-08-27 00:00:00t1v1195.00yEN